| 000 | 00426 a2200109 4500 | ||
|---|---|---|---|
| 001 | ART_6338 | ||
| 005 | 20260410161619.0 | ||
| 008 | 260409a | ||
| 245 | 1 | 0 | _aLa actuación del contador publico en el concurso preventivo, desde la presentación prevista en el artículo 11 hasta la presentación del informe individual |
| 100 | 1 | _aRodríguez, Raquel E. | |
| 773 | 0 |
_tEnfoques _g- Nº 11 (nov. 2008) _wREV416 |
|
| 999 |
_c11378 _d11378 |
||